000 00648nam a2200229Ia 4500
003 OSt
005 20221007080058.0
006 a|||||r|||| 00| 0
007 ta
008 221006b |||||||| |||| 00| 0 eng d
024 _a11,845
037 _cTextual
040 _aFLL
_cFLL
_beng
041 _2eng
_aeng
082 _aV2:19.N7, L8
100 _aChatterjee R.K. Au.
_9694603
245 0 _aIndia's land borders
_bProblems and challenges
260 _aNew Delhi
_bSterling publishers pvt. ltd. India
_c1978
300 _a269p
_ccm.
942 _hV2:19.N7, L8
_cTEXL
_2CC
999 _c1158304
_d1158304